Operating systems (Record no. 9738)
[ view plain ]
| 000 -LEADER | |
|---|---|
| fixed length control field | 00567 a2200193 4500 |
| 020 ## - INTERNATIONAL STANDARD BOOK NUMBER | |
| International Standard Book Number | 0131828274 |
| 040 ## - CATALOGING SOURCE | |
| Original cataloging agency | DLC |
| Language of cataloging | DLC |
| 082 04 - DEWEY DECIMAL CLASSIFICATION NUMBER | |
| Classification number | 005.43 |
| 100 1# - MAIN ENTRY--PERSONAL NAME | |
| Personal name | Deitel, Harvey M., |
| 245 10 - TITLE STATEMENT | |
| Title | Operating systems |
| Statement of responsibility, etc. | Harvey M. Deitel, Paul J. Deitel, David R. Choffnes |
| 250 ## - EDITION STATEMENT | |
| Edition statement | 3rd ed. |
| 260 ## - PUBLICATION, DISTRIBUTION, ETC. | |
| Place of publication, distribution, etc. | New Delhi: |
| Name of publisher, distributor, etc. | Pearson Education, |
| Date of publication, distribution, etc. | c2004. |
| 300 ## - PHYSICAL DESCRIPTION | |
| Extent | lix, 1209 p. : |
| Other physical details | ill. ; |
| Dimensions | 24 cm. |
| 650 #0 - SUBJECT ADDED ENTRY--TOPICAL TERM | |
| Topical term or geographic name entry element | Operating systems (Computers) |
| 700 1# - ADDED ENTRY--PERSONAL NAME | |
| Personal name | Deitel, Paul J. |
| 700 1# - ADDED ENTRY--PERSONAL NAME | |
| Personal name | Choffnes, David R. |
| 700 1# - ADDED ENTRY--PERSONAL NAME | |
| Personal name | Deitel, Harvey M., |
| Dates associated with a name | 1945- |
| 942 ## - ADDED ENTRY ELEMENTS (KOHA) | |
| Koha item type | Book |
| Call number prefix | 005.43 DEI |
| Source of classification or shelving scheme | |
| Withdrawn status | Lost status | Damaged status | Not for loan | Collection code | Permanent Location | Current Location | Shelving location | Date acquired | Source of acquisition | Cost, normal purchase price | Total Checkouts | Total Renewals | Full call number | Barcode | Date last seen | Date last checked out | Price effective from | Koha item type |
|---|---|---|---|---|---|---|---|---|---|---|---|---|---|---|---|---|---|---|
| Central Library (CL) | Central Library (CL) | First Floor - Operating System/ Data Structure | 11/11/2009 | Progressive International Agencies | 1045.20 | 2 | 1 | 005.43 DEI | SEECS009832 | 01/09/2025 | 11/04/2024 | 01/05/2017 | Book | |||||
| Central Library (CL) | Central Library (CL) | First Floor - Operating System/ Data Structure | 12/27/2013 | Allied Book Company | 776.00 | 005.43 DEI | SEECS013079 | 01/07/2014 | 01/07/2014 | Book | ||||||||
| Central Library (CL) | Central Library (CL) | First Floor - Operating System/ Data Structure | 12/27/2013 | Allied Book Company | 776.00 | 005.43 DEI | SEECS013080 | 01/07/2014 | 01/07/2014 | Book | ||||||||
| Central Library (CL) | Central Library (CL) | First Floor - Operating System/ Data Structure | 12/27/2013 | Allied Book Company | 776.00 | 2 | 2 | 005.43 DEI | SEECS013081 | 06/16/2015 | 05/12/2015 | 01/07/2014 | Book | |||||
| Central Library (CL) | Central Library (CL) | First Floor - Operating System/ Data Structure | 12/27/2013 | Allied Book Company | 776.00 | 005.43 DEI | SEECS013082 | 01/07/2014 | 01/07/2014 | Book | ||||||||
| Central Library (CL) | Central Library (CL) | First Floor - Operating System/ Data Structure | 12/27/2013 | Allied Book Company | 776.00 | 2 | 005.43 DEI | SEECS013083 | 01/13/2016 | 10/15/2015 | 01/07/2014 | Book |
